| 000 | 00605nam a2200181Ia 4500 | ||
|---|---|---|---|
| 003 | GCL | ||
| 008 | 140319s9999 xx 000 0 ara d | ||
| 040 |
_aGCL / _cGCL |
||
| 082 | 0 | 4 |
_a370.15 _bم ش |
| 100 | 1 | _aمحمد سعد محمد عبدالله | |
| 245 | 1 | 0 |
_aالشخصية والقدرات العقلية دراسة فى مجال التربية البدنية / _cمحمد سعد محمد عبدالله |
| 300 | _a273 ص | ||
| 490 |
_a100 قصة _v0 |
||
| 650 | 0 | 4 | _aالتربية |
| 650 | 0 | 4 | _aعلم النفس التربوى |
| 650 | 0 | 4 | _aالتربية والتعليم |
| 942 |
_2ddc _cBK |
||
| 999 |
_c43522 _d43522 |
||